[Event "Cazorla (m/1) 72/(430)"]
[Site "?"]
[Date "1998.??.??"]
[Round "?"]
[White "Kramnik, Vladimir"]
[Black "Shirov, Alexei"]
[Result "1/2-1/2"]
[WhiteElo "2790"]
[BlackElo "2710"]
[PlyCount "49"]
[EventDate "1998.??.??"]
[Source "ChessBase"]
[SourceDate "1998.02.01"]

1. d4 Nf6 2. c4 g6 3. Nc3 d5 4. cxd5 Nxd5 5. e4 Nxc3 6. bxc3 Bg7 7. Bc4 c5 8. Ne2 Nc6 9. Be3 O-O 10. O-O Bg4 11. f3 Na5 12. Bd3 cxd4 13. cxd4 Be6 14. Rc1 Bxa2 15. Qa4 Bb3 16. Qb4 b6 17. Bg5 f6 18. Bf4 e5 19. Be3 exd4 20. Nxd4 Bf7 21. Ba6 Re8 22. Rfd1 Qe7 23. Qxe7 Rxe7 24. Nc6 Nxc6 25. Rxc6 1/2-1/2

[Event "Pedro Zabala (6eme memorial)"]
[Site "?"]
[Date "2004.10.12"]
[Round "4"]
[White "Li Shilong"]
[Black "Van Wely Loek"]
[Result "1/2-1/2"]
[WhiteElo "2526"]
[BlackElo "2681"]
[PlyCount "50"]
[EventDate "2004.??.??"]
[Source "www.chesslib.no"]
[SourceDate "2004.05.04"]

1. d4 Nf6 2. c4 g6 3. Nc3 d5 4. cxd5 Nxd5 5. e4 Nxc3 6. bxc3 Bg7 7. Bc4 O-O 8. Ne2 c5 9. O-O Nc6 10. Be3 Bg4 11. f3 Na5 12. Bd3 cxd4 13. cxd4 Be6 14. d5 Bxa1 15. Qxa1 f6 16. Rb1 Bd7 17. Bh6 Rf7 18. e5 fxe5 19. Qxe5 Qb8 20. Qd4 Qd6 21. Bd2 b6 22. Bc3 Qf6 23. Qe3 Qd6 24. Qd4 Qf6 25. Qe3 Qd6 1/2-1/2

[Event "Amsterdam"]
[Site "?"]
[Date "1984.??.??"]
[Round "?"]
[White "Polugaevsky, L."]
[Black "Chandler, M."]
[Result "1/2-1/2"]
[WhiteElo "2625"]
[BlackElo "2540"]
[PlyCount "50"]
[EventDate "1984.??.??"]
[Source "www.chesslib.no"]
[SourceDate "2004.05.04"]

1. d4 Nf6 2. c4 g6 3. Nc3 d5 4. cxd5 Nxd5 5. e4 Nxc3 6. bxc3 Bg7 7. Bc4 c5 8. Be3 O-O 9. Ne2 Nc6 10. O-O Bg4 11. f3 Na5 12. Bd3 cxd4 13. cxd4 Be6 14. d5 Bxa1 15. Qxa1 f6 16. Rc1 Bd7 17. Bh6 Rf7 18. e5 e6 19. Nf4 fxe5 20. Nxe6 Bxe6 21. dxe6 Re7 22. Bg5 Qxd3 23. Bxe7 Re8 24. Bg5 Qf5 25. Bh6 Qxe6 1/2-1/2

[Event "USA Ch"]
[Site "Estes Park"]
[Date "1987.??.??"]
[Round "2"]
[White "Christiansen, Larry M"]
[Black "Kudrin, Sergey"]
[Result "0-1"]
[WhiteElo "2575"]
[BlackElo "2515"]
[PlyCount "114"]
[EventDate "1987.11.??"]
[Source "www.chesslib.no"]
[SourceDate "2004.05.04"]

1. d4 Nf6 2. c4 g6 3. Nc3 d5 4. cxd5 Nxd5 5. e4 Nxc3 6. bxc3 Bg7 7. Bc4 c5 8. Ne2 O-O 9. O-O Nc6 10. Be3 Bg4 11. f3 Na5 12. Bd3 cxd4 13. cxd4 Be6 14. d5 Bxa1 15. Qxa1 f6 16. Rb1 Bd7 17. Bh6 Rf7 18. e5 e6 19. Nf4 fxe5 20. Qxe5 exd5 21. Nxd5 Bc6 22. Be4 Nc4 23. Qd4 Nb6 24. Rxb6 Bxd5 25. Rxg6+ hxg6 26. Bxd5 Qb6 27. Qxb6 axb6 28. h4 Ra4 29. f4 Rd4 30. Bb3 Rdd7 31. Kf2 Kh7 32. Bg5 Rf8 33. g4 Rd3 34. Be6 Kg7 35. f5 gxf5 36. gxf5 Ra8 37. h5 Rda3 38. f6+ Kh7 39. Bf5+ Kh8 40. Bh6 Rxa2+ 41. Ke3 R8a3+ 42. Kd4 Ra4+ 43. Ke3 R2a3+ 44. Kf2 Ra2+ 45. Ke3 R4a3+ 46. Kd4 Rf2 47. Bg7+ Kg8 48. Be6+ Kh7 49. Bc8 Ra4+ 50. Kc3 Rf3+ 51. Kd2 Ra2+ 52. Ke1 Re3+ 53. Kd1 Rf3 54. Ke1 Rh2 55. Bxb7 Re3+ 56. Kd1 Rxh5 57. Kd2 Rg3 0-1

[Event "USSR (ch)"]
[Site "?"]
[Date "1987.??.??"]
[Round "?"]
[White "Dolmatov, S."]
[Black "Gavrikov, V."]
[Result "1-0"]
[WhiteElo "2515"]
[BlackElo "2550"]
[PlyCount "149"]
[EventDate "1987.??.??"]
[Source "ChessBase"]
[SourceDate "1987.01.01"]

1. d4 Nf6 2. c4 g6 3. Nc3 d5 4. cxd5 Nxd5 5. e4 Nxc3 6. bxc3 Bg7 7. Bc4 O-O 8. Ne2 c5 9. O-O Nc6 10. Be3 Bg4 11. f3 Na5 12. Bd3 cxd4 13. cxd4 Be6 14. Rc1 Bxa2 15. Qa4 Be6 16. d5 Bd7 17. Qb4 b6 18. f4 Rc8 19. Ba6 Rxc1 20. Rxc1 e6 21. d6 Nc6 22. Qd2 e5 23. f5 Nb8 24. Bb7 gxf5 25. exf5 Bxf5 26. Ng3 Be6 27. Nh5 Qh4 28. Nxg7 Kxg7 29. Rc3 Nd7 30. Bf2 Qf4 31. Be3 Qh4 32. Bc8 f6 33. Rc7 Rf7 34. Rxa7 b5 35. Rb7 Qe4 36. h3 h5 37. Kh2 Kg6 38. Rc7 Kh7 39. Bb7 Qg6 40. Bc6 Rg7 41. Qf2 b4 42. Bc1 b3 43. Qh4 f5 44. Bf3 f4 45. Qxh5+ Qxh5 46. Bxh5 Nf6 47. Re7 Nxh5 48. Rxe6 f3 49. gxf3 Rb7 50. Bb2 Ng7 51. Rxe5 Kg6 52. Kg3 Rd7 53. Kg4 Kf7 54. Rb5 Ne8 55. Rxb3 Rxd6 56. Be5 Rg6+ 57. Kf4 Rg1 58. Rb7+ Ke6 59. Rb6+ Kf7 60. h4 Rh1 61. Kg3 Rg1+ 62. Kh2 Re1 63. f4 Re2+ 64. Kg3 Re3+ 65. Kg4 Re1 66. Rb7+ Kf8 67. h5 Rg1+ 68. Kf5 Rh1 69. Kg6 Rg1+ 70. Kh7 Rh1 71. h6 Rh2 72. Kg6 Rg2+ 73. Kf5 Rh2 74. h7 Rh1 75. Ra7 1-0

[Event "Sochi"]
[Site "?"]
[Date "1988.??.??"]
[Round "?"]
[White "Vaiser, A."]
[Black "Olafsson, H."]
[Result "0-1"]
[WhiteElo "2530"]
[BlackElo "2525"]
[PlyCount "116"]
[EventDate "1988.??.??"]
[Source "ChessBase"]
[SourceDate "1988.07.01"]

1. d4 Nf6 2. c4 g6 3. Nc3 d5 4. cxd5 Nxd5 5. e4 Nxc3 6. bxc3 Bg7 7. Bc4 O-O 8. Ne2 c5 9. O-O Nc6 10. Be3 Bg4 11. f3 Na5 12. Bd3 cxd4 13. cxd4 Be6 14. Rc1 Bxa2 15. Qa4 Be6 16. d5 Bd7 17. Qb4 e6 18. dxe6 Bxe6 19. Rfd1 b6 20. Ba6 Qf6 21. Bd4 Qh4 22. Bxg7 Kxg7 23. Nd4 Qf6 24. Qc3 Kg8 25. Qe3 Rfd8 26. Rc3 Nb3 27. e5 Qe7 28. Rxb3 Bxb3 29. Qxb3 Qxe5 30. Ne2 Rxd1+ 31. Qxd1 b5 32. Bb7 Re8 33. Be4 a5 34. Qd7 a4 35. Nc3 Qc5+ 36. Kf1 Re7 37. Qd8+ Kg7 38. Nd5 Qc1+ 39. Kf2 Qd2+ 40. Kg3 Re6 41. Qa8 Qb2 42. Kh3 a3 43. Nf4 Re5 44. Bd5 Qc1 45. g3 Qf1+ 46. Kh4 g5+ 47. Kg4 gxf4 48. Bxf7 Qd3 49. gxf4 Qf5+ 50. Kg3 Re7 51. Bd5 b4 52. Be4 Qf6 53. Qa5 Rf7 54. f5 Re7 55. Kg4 Kh6 56. Qxb4 Qg5+ 57. Kh3 Rg7 58. Qb6+ Kh5 0-1

[Event "USSR"]
[Site "?"]
[Date "1988.??.??"]
[Round "?"]
[White "Vaiser, A."]
[Black "Gavrikov, V."]
[Result "0-1"]
[WhiteElo "2490"]
[BlackElo "2545"]
[PlyCount "88"]
[EventDate "1988.??.??"]
[Source "ChessBase"]
[SourceDate "1988.01.01"]

1. d4 Nf6 2. c4 g6 3. Nc3 d5 4. cxd5 Nxd5 5. e4 Nxc3 6. bxc3 Bg7 7. Bc4 c5 8. Ne2 Nc6 9. Be3 O-O 10. O-O Bg4 11. f3 Na5 12. Bd3 cxd4 13. cxd4 Be6 14. Rc1 Bxa2 15. Qa4 Be6 16. d5 Bd7 17. Qb4 b6 18. f4 e5 19. f5 Re8 20. Ba6 Bf8 21. Qc3 b5 22. Rb1 Nc4 23. Bxb5 Bxb5 24. Rxb5 Rc8 25. fxg6 fxg6 26. Rxf8+ Rxf8 27. Bh6 Qd7 28. Rb4 Nd6 29. Qxe5 Rfe8 30. Qf4 a5 31. Rd4 Nf7 32. h3 Rc2 33. Ng3 Nxh6 34. Qxh6 Qa7 35. Qe3 Rc4 36. Nf5 Rxd4 37. Nxd4 Qc5 38. e5 Qxd5 39. e6 a4 40. Qf4 Rf8 41. e7 Re8 42. Nf3 a3 43. Qa4 Qc5+ 44. Kh1 Rxe7 0-1

[Event "Cap Gemini ("]
[Site "Utrecht Cap Gemini ("]
[Date "1986.??.??"]
[Round "?"]
[White "Nieuwenhuis, Pieter"]
[Black "Timman, Jan Hein"]
[Result "0-1"]
[WhiteElo "2370"]
[BlackElo "2645"]
[PlyCount "53"]
[EventDate "1986.??.??"]
[Source "www.chesslib.no"]
[SourceDate "2004.05.04"]

1. d4 Nf6 2. c4 g6 3. Nc3 d5 4. cxd5 Nxd5 5. e4 Nxc3 6. bxc3 Bg7 7. Bc4 O-O 8. Ne2 c5 9. O-O Nc6 10. Be3 Bg4 11. f3 cxd4 12. cxd4 Na5 13. Bd3 Be6 14. d5 Bxa1 15. Qxa1 f6 16. Rb1 Re8 17. Nf4 Bf7 18. Bb5 Rf8 19. h4 a6 20. Bf1 b5 21. e5 fxe5 22. Qxe5 Qd6 23. Qg5 Qf6 24. Qh6 Qg7 25. Qg5 Qf6 26. Qh6 Nc4 27. Bd3 0-1

[Event "Omsk (Russia)"]
[Site "?"]
[Date "2002.??.??"]
[Round "3"]
[White "Belozerov Andrei"]
[Black "Smikovski Ivan"]
[Result "1/2-1/2"]
[WhiteElo "2526"]
[BlackElo "2488"]
[PlyCount "58"]
[EventDate "2002.??.??"]
[Source "www.chesslib.no"]
[SourceDate "2004.05.04"]

1. d4 Nf6 2. c4 g6 3. Nc3 d5 4. cxd5 Nxd5 5. e4 Nxc3 6. bxc3 Bg7 7. Bc4 c5 8. Ne2 cxd4 9. cxd4 Nc6 10. Be3 O-O 11. O-O Bg4 12. f3 Na5 13. Bd3 Be6 14. Qa4 a6 15. d5 b5 16. Qb4 Bxa1 17. Rxa1 Bd7 18. Qd4 f6 19. e5 fxe5 20. Qxe5 Qb8 21. Qxe7 Qe8 22. Qc5 Nb7 23. Qd4 Qe7 24. Ng3 Nd6 25. Bd2 Nf5 26. Bb4 Nxd4 27. Bxe7 Rf7 28. Bc5 Bf5 29. Ne4 Rd8 1/2-1/2

[Event "Budapest"]
[Site "Budapest"]
[Date "1988.??.??"]
[Round "?"]
[White "Zueger, B."]
[Black "Gavrikov, V."]
[Result "0-1"]
[WhiteElo "2445"]
[BlackElo "2545"]
[PlyCount "65"]
[EventDate "1988.05.??"]
[Source "www.chesslib.no"]
[SourceDate "2004.05.04"]

1. d4 Nf6 2. c4 g6 3. Nc3 d5 4. cxd5 Nxd5 5. e4 Nxc3 6. bxc3 Bg7 7. Bc4 O-O 8. Ne2 c5 9. O-O Nc6 10. Be3 cxd4 11. cxd4 Bg4 12. f3 Na5 13. Bd3 Be6 14. Rc1 Bxa2 15. Qa4 Be6 16. d5 Bd7 17. Qa3 b6 18. f4 e5 19. d6 Rc8 20. Ba6 Rc6 21. Rcd1 exf4 22. Rxf4 Be5 23. Rff1 Re8 24. Rd5 Bg7 25. Bg5 f6 26. Bd2 Nc4 27. Qa2 Nxd2 28. Rxd2+ Kh8 29. Bb7 Rc5 30. Nf4 Bh6 31. Rd3 Bb5 32. Nxg6+ hxg6 33. Rh3 0-1

[Event "WCN k.o."]
[Site "?"]
[Date "2001.??.??"]
[Round "?"]
[White "Christiansen Larry Mark"]
[Black "Diesen Mark C"]
[Result "1/2-1/2"]
[WhiteElo "2570"]
[BlackElo "2410"]
[PlyCount "79"]
[EventDate "2001.??.??"]
[Source "www.chesslib.no"]
[SourceDate "2004.05.04"]

1. d4 Nf6 2. c4 g6 3. Nc3 d5 4. cxd5 Nxd5 5. e4 Nxc3 6. bxc3 Bg7 7. Bc4 O-O 8. Be3 c5 9. Ne2 Nc6 10. O-O Bg4 11. f3 Na5 12. Bd3 cxd4 13. cxd4 Be6 14. d5 Bxa1 15. Qxa1 f6 16. Rb1 Bd7 17. Bh6 Rf7 18. e5 Bc6 19. e6 Rg7 20. dxc6 Qxd3 21. cxb7 Nxb7 22. Rxb7 Qxe2 23. Qb1 Qxe6 24. h3 a5 25. Qb5 Rd8 26. Qxa5 Rd1+ 27. Kh2 Qd6+ 28. f4 Qd4 29. Qa7 Qe4 30. Qb8+ Kf7 31. Rxe7+ Kxe7 32. Bxg7 Rd2 33. Qc7+ Ke8 34. Qc8+ Ke7 35. Qc5+ Ke6 36. Qb6+ Kd7 37. Qa7+ Ke6 38. Qb6+ Kd7 39. Qa7+ Ke6 40. Qb6+ 1/2-1/2

[Event "Tallinn"]
[Site "?"]
[Date "1986.??.??"]
[Round "?"]
[White "Vaisser, A."]
[Black "Stohl, I."]
[Result "1/2-1/2"]
[WhiteElo "2505"]
[BlackElo "2475"]
[PlyCount "64"]
[EventDate "1986.??.??"]
[Source "ChessBase"]
[SourceDate "1986.07.01"]

1. d4 Nf6 2. c4 g6 3. Nc3 d5 4. cxd5 Nxd5 5. e4 Nxc3 6. bxc3 Bg7 7. Bc4 O-O 8. Ne2 c5 9. O-O Nc6 10. Be3 Bg4 11. f3 cxd4 12. cxd4 Na5 13. Bd3 Be6 14. d5 Bxa1 15. Qxa1 f6 16. Bd2 Bd7 17. Qe1 b6 18. Bh6 Rf7 19. Qg3 e5 20. f4 Qe7 21. h4 Nb7 22. h5 exf4 23. Bxf4 Re8 24. hxg6 hxg6 25. e5 fxe5 26. Bxg6 Rxf4 27. Nxf4 exf4 28. Bf7+ Kxf7 29. Rxf4+ Qf6 30. Rxf6+ Kxf6 31. Qc7 Nc5 32. Qxa7 Ke5 1/2-1/2

[Event "Corr"]
[Site "?"]
[Date "2002.06.15"]
[Round "?"]
[White "Sergel Christopher T.(USA)"]
[Black "Kosebay Osman (TUR)"]
[Result "1/2-1/2"]
[WhiteElo "2499"]
[BlackElo "2479"]
[PlyCount "53"]
[EventDate "2002.??.??"]
[Source "www.chesslib.no"]
[SourceDate "2004.05.04"]

1. d4 Nf6 2. c4 g6 3. Nc3 d5 4. cxd5 Nxd5 5. e4 Nxc3 6. bxc3 Bg7 7. Bc4 c5 8. Ne2 Nc6 9. Be3 O-O 10. O-O Bg4 11. f3 Na5 12. Bd3 cxd4 13. cxd4 Be6 14. d5 Bxa1 15. Qxa1 f6 16. Bh6 Re8 17. Kh1 Rc8 18. Nf4 Bd7 19. e5 Nc4 20. e6 Ba4 21. Nxg6 hxg6 22. Bxg6 Ne5 23. Be4 Bc2 24. Bxc2 Rxc2 25. Qd1 Qc7 26. f4 Kh7 27. fxe5 1/2-1/2

[Event "Memorial Hodzhaev"]
[Site "Tashkent (Uzbekistan)"]
[Date "1987.??.??"]
[Round "?"]
[White "Vladimirov, Evgeny Y"]
[Black "Huzman, Alexander"]
[Result "1/2-1/2"]
[WhiteElo "2525"]
[BlackElo "2435"]
[PlyCount "40"]
[EventDate "1987.??.??"]
[Source "www.chesslib.no"]
[SourceDate "2004.05.04"]

1. d4 Nf6 2. c4 g6 3. Nc3 d5 4. cxd5 Nxd5 5. e4 Nxc3 6. bxc3 Bg7 7. Bc4 c5 8. Ne2 Nc6 9. Be3 O-O 10. O-O Bg4 11. f3 Na5 12. Bd3 cxd4 13. cxd4 Be6 14. Rc1 Bxa2 15. Qa4 Be6 16. d5 Bd7 17. Qb4 e6 18. dxe6 Bxe6 19. Rfd1 Rc8 20. Rb1 Qc7 1/2-1/2